Význam GenAI a jej legislatívny rámec

Vývoj a charakteristika GenAI (Generatívna umelá inteligencia). Význam GenAI v kontexte modelu 6D. Legislatívny rámec GenAI.

Salvato in:
Dettagli Bibliografici
Autore principale: Ivaničková, Mariana, 1977-
Altri autori: Barkóciová, Miroslava, 1996-
Natura: Capitolo di libro
Lingua:slovacco
Soggetti:
Tags: Aggiungi Tag
Nessun Tag, puoi essere il primo ad aggiungerne!!

MARC

LEADER 00000naa a2200000 4500
001 0306621
005 20250128075812.7
041 0 |a slo 
044 |a SK 
245 1 0 |a Význam GenAI a jej legislatívny rámec  |c Mariana Ivaničková, Miroslava Barkóciová 
520 |a Vývoj a charakteristika GenAI (Generatívna umelá inteligencia). Význam GenAI v kontexte modelu 6D. Legislatívny rámec GenAI. 
610 2 0 |a inteligencia umelá 
610 2 0 |a technológie nové 
610 2 0 |a učenie strojové 
610 2 0 |a zákony 
610 2 0 |a legislatíva 
100 1 |a Ivaničková, Mariana, 1977- 
700 1 |a Barkóciová, Miroslava, 1996-